Vybrané kapitoly z didaktiky fyziky /

Hlavní autor: Janovič, Jozef, 1932-
Korporativní autor: Univerzita Komenského v Bratislave. Matematicko-fyzikálna fakulta
Další autoři: Koubek, Václav, 1948-2016, Pecen, Igor
Jazyk: Slovenština
Vydáno: Bratislava : Univerzita Komenského, 1999
Vydání: 1. vyd.
Témata:
Fyzický popis: 189 s. : il. ; 29 cm
Knihy
Uloženo v:
LEADER 01398nam a2200361 a 4500
001 000467941
003 CZ BrMZK
005 20210203142754.0
007 ta
008 000115s1999 xo e p 0 slo d
020 |a 80-223-1172-3 
040 |a BOA001  |b cze 
072 7 |a 53  |x Fyzika  |2 Konspekt  |9 6 
072 7 |a 37.016  |x Učební osnovy. Vyučovací předměty. Učebnice  |2 Konspekt  |9 22 
080 |a 53  |2 MRF 
080 |a 37.016.026  |2 MRF 
080 |a (075.8)  |2 MRF 
100 1 |a Janovič, Jozef,  |d 1932-  |7 xx0020193  |4 aut 
245 1 0 |a Vybrané kapitoly z didaktiky fyziky /  |c Jozef Janovič, Václav Koubek, Igor Pecen 
250 |a 1. vyd. 
260 |a Bratislava :  |b Univerzita Komenského,  |c 1999 
300 |a 189 s. :  |b il. ;  |c 29 cm 
500 |a Určeno pro posl. matem.-fyzikální fak. - Bibliogr. 
541 |a Bratislava, Centrum vedecko-technických informácií SR 
650 0 7 |a fyzika  |7 ph114601  |2 czenas 
650 0 7 |a předmětová didaktika  |7 ph162893  |2 czenas 
655 7 |a učebnice vysokých škol  |7 fd133772  |2 czenas 
700 1 |a Koubek, Václav,  |d 1948-2016  |7 jn99240000505  |4 aut 
700 1 |a Pecen, Igor  |7 mzk2012699813  |4 aut 
710 2 |a Univerzita Komenského v Bratislave.  |b Matematicko-fyzikálna fakulta  |7 kn20010710361 
910 |a BOA001  |b 4-1070.203 
990 |a BK 
996 7 |b 2610110714  |c 4-1070.203  |l MZK  |r Sklad / do 1 hodiny  |n 9  |p vým  |w 000467941  |u 000010  |a 1  |e BOA001  |j MZK50  |s A